Szent István királyunk! [vers, szavalókar] /

Elmentve itt :
Bibliográfiai részletek
Szerző: Jártas Róza
Dokumentumtípus: Cikk
Megjelent: 1938
Sorozat:Gyakorlati pedagógia 4 No. 4
Kulcsszavak:Magyar irodalom - vers, Szavalókar
Tárgyszavak:
Online Access:http://acta.bibl.u-szeged.hu/51594
LEADER 00672nab a2200193 i 4500
001 acta51594
005 20250409153730.0
008 180426s1938 hu o 000 hun d
040 |a SZTE Egyetemi Kiadványok Repozitórium  |b hun 
041 |a hun 
100 1 |a Jártas Róza 
245 1 0 |a Szent István királyunk!   |h [elektronikus dokumentum] :  |b [vers, szavalókar] /  |c  Jártas Róza 
260 |c 1938 
300 |a 248 
490 0 |a Gyakorlati pedagógia  |v 4 No. 4 
650 4 |a Bölcsészettudományok 
650 4 |a Nyelvek és irodalom 
695 |a Magyar irodalom - vers, Szavalókar 
856 4 0 |u http://acta.bibl.u-szeged.hu/51594/1/gyakorlati_1938_004_248.pdf  |z Dokumentum-elérés